Tìm hiểu văn hóa tâm linh Nam Bộ

Phần thứ nhất: Một số cơ sở tác động đến diễn trình đời sống tâm linh của người Việt ở Nam Bộ; Phần thứ hai: Tín ngưỡng thần Thành Hoàng của người Việt và đặc trưng đình làng Nam Bộ....

ver descrição completa

Na minha lista:
Detalhes bibliográficos
Autor principal: Nguyễn, Hữu Hiếu
Formato: Livro
Idioma:Undetermined
Publicado em: Hà Nội Thanh niên 2011
Assuntos:
Tags: Adicionar Tag
Sem tags, seja o primeiro a adicionar uma tag!
Thư viện lưu trữ: Trung tâm Học liệu Trường Đại học Cần Thơ
LEADER 00923nam a2200205Ia 4500
001 CTU_172207
008 210402s9999 xx 000 0 und d
082 |a 291.3 
082 |b H309 
100 |a Nguyễn, Hữu Hiếu 
245 0 |a Tìm hiểu văn hóa tâm linh Nam Bộ 
245 0 |c Nguyễn Hữu Hiếu 
260 |a Hà Nội 
260 |b Thanh niên 
260 |c 2011 
520 |a Phần thứ nhất: Một số cơ sở tác động đến diễn trình đời sống tâm linh của người Việt ở Nam Bộ; Phần thứ hai: Tín ngưỡng thần Thành Hoàng của người Việt và đặc trưng đình làng Nam Bộ. 
650 |a Religion and culture,Văn hóa và tôn giáo 
650 |z Vietnam,Việt Nam 
904 |i Trọng Hải 
980 |a Trung tâm Học liệu Trường Đại học Cần Thơ